Central Library OPAC University of Rajshahi

English constitutional history / (Record no. 5519)

MARC details
000 -LEADER
fixed length control field 00813cam a2200265 4500
001 - CONTROL NUMBER
control field 5519
003 - CONTROL NUMBER IDENTIFIER
rucl marc code BD-RjUL
005 - DATE AND TIME OF LATEST TRANSACTION
control field 20211208234100.0
008 - FIXED-LENGTH DATA ELEMENTS--GENERAL INFORMATION
fixed length control field 131226s1967 enk b 001 0 eng d
035 ## - SYSTEM CONTROL NUMBER
System control number (BD-RjUL)5555
040 ## - CATALOGING SOURCE
Original cataloging agency DLC
Transcribing agency DLC
Modifying agency DLC
-- (BD-RjUL)
Language of cataloging eng
041 ## - LANGUAGE CODE
Language code of text/sound track or separate title eng
082 00 - DEWEY DECIMAL CLASSIFICATION NUMBER
Classification number 342.4209
Author mark and year CHE 1967
Edition number 23
100 1# - MAIN ENTRY--PERSONAL NAME
Personal name Chrimes, S. B.
Fuller form of name (Stanley Bertram),
Dates associated with a name 1907-1984.
9 (RLIN) 15437
245 10 - TITLE STATEMENT
Title English constitutional history /
Statement of responsibility, etc. [by] S. B. Chrimes.
250 ## - EDITION STATEMENT
Edition statement 4th ed.
260 ## - PUBLICATION, DISTRIBUTION, ETC. (IMPRINT)
Place of publication, distribution, etc. London,
-- New York [etc.]
Name of publisher, distributor, etc. Oxford U.P.,
Date of publication, distribution, etc. 1967.
300 ## - PHYSICAL DESCRIPTION
Pagination [7], 148 p.
Size 20 1/2 cm.
350 ## - PRICE (NR) (BK AM CF MU VM SE) [OBSOLETE]
Price 7/6
490 0# - SERIES STATEMENT
Series statement Oxford paperbacks university series, 16
504 ## - BIBLIOGRAPHY, ETC. NOTE
Bibliography, etc Bibliography: p. [138]-142.
650 #0 - SUBJECT ADDED ENTRY--TOPICAL TERM
Topical term or geographic name as entry element Constitutional history
Geographic subdivision Great Britain.
9 (RLIN) 17299
942 ## - ADDED ENTRY ELEMENTS (KOHA)
Source of classification or shelving scheme Dewey Decimal Classification
Koha item type Books
Holdings
Lost status Source of classification or shelving scheme Damaged status Not for loan Collection code Permanent Location Current Location Shelving location Date acquired Source of acquisition Cost, normal purchase price Total Checkouts Full call number Date last seen Copy number Koha item type
  Dewey Decimal Classification     Non-fiction Central Library, University of Rajshahi Central Library, University of Rajshahi   26/12/2013 sweets and Zitlinger 7.00   342.4209 CHE 1967 26/12/2013 C-5 Books
  Dewey Decimal Classification     Non-fiction Central Library, University of Rajshahi Central Library, University of Rajshahi   15/02/1973 Oxford University Press 8.25   342.4209 CHE 1967 27/07/2016 C-2 Books
  Dewey Decimal Classification     Non-fiction Central Library, University of Rajshahi Central Library, University of Rajshahi   05/12/1968 Zuitlinger 7.60   342.4209 CHE 1967 27/07/2016 C-3 Books
  Dewey Decimal Classification     Non-fiction Central Library, University of Rajshahi Central Library, University of Rajshahi   05/12/1968 Sweets & Zuitlinger 7.60   342.4209 CHE 1967 27/07/2016 C-4 Books
  Dewey Decimal Classification     Non-fiction Central Library, University of Rajshahi Central Library, University of Rajshahi   15/02/1973 Oxford University Press 8.15   342.4209 CHE 1976 27/07/2016 C-6 Books
  Dewey Decimal Classification     Non-fiction Central Library, University of Rajshahi Central Library, University of Rajshahi   05/12/1968 Zuitlinger 7.60   342.4209 CHE 1976 27/07/2016 C-7 Books
  Dewey Decimal Classification     Non-fiction Central Library, University of Rajshahi Central Library, University of Rajshahi   05/12/1968 Zuitlinger 7.60   342.4209 CHE 1976 27/07/2016 C-8 Books
  Dewey Decimal Classification     Non-fiction Central Library, University of Rajshahi Central Library, University of Rajshahi   05/12/1968 Zuitlinger 7.60   342.4209 CHE 1976 27/07/2016 C-9 Books
  Dewey Decimal Classification     Non-fiction Central Library, University of Rajshahi Central Library, University of Rajshahi   05/12/1968 Sweets & Zuitlinger 7.60   342.4209 CHE 1976 27/07/2016 C-10 Books
  Dewey Decimal Classification     Non-fiction Central Library, University of Rajshahi Central Library, University of Rajshahi Reading Room 05/12/1968 Zeetlinger 7.60   342.4209 CHE 28/07/2016 C-1 Books